000
00331nam a22001457a 4500
003
OSt
005
20220112153134.0
008
220112b |||||||| |||| 00| 0 eng d
020
_a
9788126152827
040
_c
HU
082
_a
551.41
100
_a
Prasad
_9
24709
245
_a
Introduction To Geomorphology
942
_2
ddc
_c
BOOKS
_n
0
999
_c
26788
_d
26788